1637 1260 1136 1023 1374 1793 1141 1880 1375 1281 1554 1323 1840 1051 1054 1400 1259 1581 1149 1417 1610 1594 1629 1945 1530 1400 1065 1996 1379 1595 1106 1124 1655 1761 1309 1326 1387 1670 1394 1020 1841 1008 1143 1812 1051 1955 1400 1523 1785 1858 1461 1013 1104 1865 1298 1423 1305 1044 1436 1970 1262 1646 1003 1718 1452 1883 1761 1762 1579 1364 1512 1015 1218 1265 1917 1142 1159 1843 1958 1952 1136 1322 1730 1762 1711 1186 1913 1039 1262 1787 1539 1358 1718 1862 1761 1084 1648 1795 1491 BCNSPRNW ULIB Ver.6.0+V

เปลี่ยนเป็นภาษาไทย

Change to English
 แสดงรายละเอียดบรรณานุกรม
  กลับหน้าหลัก

Brief Record : Get Marc (ISO 2709) : E-mail record : QR code < ปิดหน้าต่าง
LEADER : 00000nam 2200000uu 4500
001    13399124772
003     ULIB
008    020711s2015 th a 000 0 eng d
020    9781455751488
060    QV4^bK26P
100    Joyce LeFever Kee
245    Pharmacology:^bA patient-centered nursing process approach. /^cJoyce LeFever Kee, Evelyn R. Hayes, Linda E. McCuistion
250    8thth ed
260    St.Louis :^bElsevier Saunders,^c2015
300    971 pages;^b28 cm
650    Pharmacology
700    Evelyn R. Hayes
700    Linda E. McCuistion
945    ^p0^l0^i23283
รายการนี้ยังไม่มีแท็ก
คุณยังไม่ได้ล็อกอิน คุณสามารถมีกิจกรรมร่วมกับเว็บไซต์ได้ แต่ต้องล็อกอินก่อน ::
  ล็อกอิน

รายการสื่อสารสนเทศ

ลำดับที่ ประเภท เลขเรียก/บาร์โค้ด สถานที่ สถานะ
1. วิทยาศาสตร์การแพทย์ และสุขภาพ
วิทยาศาสตร์การแพทย์ และสุขภาพ
QV4 K26P ฉ.1 
  Barcode: 23283
ห้องสมุดวิทยาเขตนครสวรรค์
►หนังสือทั่วไป:l:General Books
บนชั้น

รายการใกล้เคียง
    หัวเรื่อง [Pharmacology]

BibComment


ยังไม่เคยถูกคอมเมนท์

คอมเมนท์ทรัพยากรรายการนี้
  คอมเมนท์: Pharmacology A pa..


 Copyright 2026. Bcnsprnw @Library